Online katalóg knižníc regiónu Turca

Laura a tajomstvo Aventerry (Record no. 22834)

MARC details
000 -LEADER
fixed length control field 01204cam a2200349 a 4500
001 - CONTROL NUMBER
control field 22834
003 - CONTROL NUMBER IDENTIFIER
control field SK-KTurca
005 - DATE AND TIME OF LATEST TRANSACTION
control field 20260429102811.0
008 - FIXED-LENGTH DATA ELEMENTS--GENERAL INFORMATION
fixed length control field 240226s2003 xo jr 000 f slo
015 ## - NATIONAL BIBLIOGRAPHY NUMBER
National bibliography number SNBA2004/03-02717
020 ## - INTERNATIONAL STANDARD BOOK NUMBER
International Standard Book Number 8055106290
Qualifying information (viazané)
035 ## - SYSTEM CONTROL NUMBER
System control number SNK000414594
035 ## - SYSTEM CONTROL NUMBER
System control number urn:nbn:sk:snk-am3j1pa
035 ## - SYSTEM CONTROL NUMBER
System control number 4865317B-5C30-407A-BA91-3B1F4205A41D
035 ## - SYSTEM CONTROL NUMBER
System control number urn:nbn:sk:snk-am00gl1y
040 ## - CATALOGING SOURCE
Original cataloging agency SNK
Language of cataloging slo
Transcribing agency SNK
Description conventions AACR2
041 1# - LANGUAGE CODE
Language code of text/sound track or separate title slo
Language code of original ger
044 ## - COUNTRY OF PUBLISHING/PRODUCING ENTITY CODE
MARC country code xo
ISO country code SK
072 #7 - SUBJECT CATEGORY CODE
Subject category code 821.112.2-3
Subject category code subdivision Nemecká próza, nemecky písaná
Source konspekt
072 #7 - SUBJECT CATEGORY CODE
Subject category code 821-93
Subject category code subdivision Literatúra pre deti a mládež (beletria)
Source konspekt
080 ## - UNIVERSAL DECIMAL CLASSIFICATION NUMBER
Universal Decimal Classification number 821.112.2-31
Edition identifier 2011
100 1# - MAIN ENTRY--PERSONAL NAME
Personal name Freund, Peter,
Dates associated with a name 1952-
Relationship aut
240 10 - UNIFORM TITLE
Uniform title Laura und das Geheimnis von Aventerra
Language of a work Slovensky
245 10 - TITLE STATEMENT
Title Laura a tajomstvo Aventerry
Statement of responsibility, etc. Peter Freund ; [z nemeckého originálu Laura und das Geheimnis von Aventerra preložila Lucia Čižmáriková]
250 ## - EDITION STATEMENT
Edition statement 1. vyd.
260 ## - PUBLICATION, DISTRIBUTION, ETC.
Place of publication, distribution, etc. Bratislava
Name of publisher, distributor, etc. Ikar
Date of publication, distribution, etc. 2003
300 ## - PHYSICAL DESCRIPTION
Extent 368 strán
Dimensions 21 cm
655 #7 - INDEX TERM--GENRE/FORM
Genre/form data or focus term nemecké romány
Source of term SNKPH
655 #7 - INDEX TERM--GENRE/FORM
Genre/form data or focus term literatúra pre mládež
Source of term SNKPH
700 1# - ADDED ENTRY--PERSONAL NAME
Personal name Čižmáriková, Lucia
Relationship trl
942 ## - ADDED ENTRY ELEMENTS (KOHA)
Source of classification or shelving scheme Dewey Decimal Classification
Koha item type Krásna literatúra pre dospelých
Suppress in OPAC No
Holdings
Stav vyradenia Strata Poškodenie Spôsob nadobudnutia Domovská knižnica Aktuálna knižnica Dátum nadobudnutia Total checkouts Čiarový kód exemplára Date last seen Typ exemplára
      Dar Obecná knižnica Turčianska Štiavnička Obecná knižnica Turčianska Štiavnička 29.04.2026   4738001086 29.04.2026 Krásna literatúra pre dospelých
Projekt je podporený Slovenskou asociáciou knižníc
Prevádzkuje Turčianska knižnica Martin 2026